000 01439cam a22002775a 4500
001 L138590
002 16645
008 070625s2007 xxk f 001 0 eng d
020 _a1842193244
_a9781842193242
035 _a(Sirsi) u138590
041 0 _aeng
050 0 4 _a333.3307 $2 18
100 1 _aWilkinson, John
245 0 0 _aSupervisors' and counsellors' guide to the ACP 2006
_bhelp your candidate to succeed
250 _a2nd rev. ed.
260 _aLondon
_bRICS Books
_c2007
300 _ax, 128p.
_c21cm.
350 _a29.95
505 2 _aIntroduction to the APC -- Getting the right candidates -- Recruitment: a question of 'fit' -- The role of the supervisor and counsellor -- In detail: supervisor and counsellor duties -- Documentation for the APC -- The competencies -- The mandatory competencies -- Referred candidates and appeals -- Help and advice from RICS
520 _aA second, revised edition of this essential guide to the APC, which is officially endorsed by RICS. Based on the author's experiences, the guide covers the whole process from enrolment to final interview, including referral and the appeal system. It is intended to complement the official RICS guidance.
520 _aSuperseded by the third edition (ISBN 9781842194911).
590 _aKA
651 4 _aUnited Kingdom
_y
690 _aCAREERS, EDUCATION AND TRAINING-QUALIFICATION ROUTES-ASSESSMENT OF PROFESSIONAL COMPETENCE
942 _n0
999 _c107210
_d107210